[Event "Madrid San Viator op 24th"]
[Site "Madrid"]
[Date "2015.05.10"]
[Round "6"]
[White "Fermini Castillo, Luis"]
[Black "Serrano Gonzalez, Oscar"]
[Result "0-1"]
[WhiteElo "1714"]
[BlackElo "1725"]
[PlyCount "60"]
[EventDate "2015.03.22"]
[EventType "swiss"]
[EventRounds "9"]
[EventCountry "ESP"]
[SourceTitle "EXT 2016"]
[Source "ChessBase"]
[SourceDate "2015.10.08"]
[SourceVersion "1"]
[SourceVersionDate "2015.10.08"]
[SourceQuality "1"]

1. d4 d5 2. c4 c6 3. Nc3 e6 4. Nf3 Bb4 5. cxd5 exd5 6. Qc2 h6 7. e3 Nf6 8. Bd3 Be6 9. 0-0 Nbd7 10. Bd2 0-0 11. a3 Bd6 12. b4 a5 13. b5 c5 14. dxc5 Nxc5 15. Nd4 Rc8 16. Qb1 Nxd3 17. Qxd3 Ng4 18. h3 Ne5 19. Qb1 Nc4 20. Bc1 Qh4 21. Nf3 Qh5 22. Ne2 Bxh3 23. Nf4 Bxf4 24. exf4 Bxg2 25. Kxg2 Qg4+ 26. Kh2 Qxf3 27. Qf5 Rce8 28. Rg1 Qxf2+ 29. Rg2 Qh4+ 30. Kg1 Re1# 0-1

[Event "Madrid San Viator op 24th"]
[Site "Madrid"]
[Date "2015.04.19"]
[Round "4"]
[White "Villacorta Nicolas, David"]
[Black "Fermini Castillo, Luis"]
[Result "1-0"]
[WhiteElo "1699"]
[BlackElo "1714"]
[PlyCount "109"]
[EventDate "2015.03.22"]
[EventType "swiss"]
[EventRounds "9"]
[EventCountry "ESP"]
[SourceTitle "EXT 2016"]
[Source "ChessBase"]
[SourceDate "2015.10.08"]
[SourceVersion "1"]
[SourceVersionDate "2015.10.08"]
[SourceQuality "1"]

1. e4 e5 2. Nf3 Nc6 3. Bc4 Nf6 4. d3 Bc5 5. c3 0-0 6. 0-0 d5 7. exd5 Nxd5 8. Qb3 Nb6 9. Nbd2 Nxc4 10. Qxc4 Bb6 11. Nb3 Be6 12. Qe4 Re8 13. Ng5 f5 14. Nxe6 Qf6 15. Qc4 Qxe6 16. Qxe6+ Rxe6 17. Be3 Bxe3 18. fxe3 e4 19. d4 Ne7 20. Kf2 b6 21. Ke2 g6 22. Nd2 b5 23. Nb3 Rd6 24. Rac1 a5 25. Nc5 Rb8 26. a3 b4 27. axb4 axb4 28. c4 Nc6 29. b3 h5 30. Ra1 Rdd8 31. Ra6 Ra8 32. Rfa1 Rxa6 33. Rxa6 Ne7 34. Ne6 Rd6 35. Ra8+ Kf7 36. d5 Rxe6 37. dxe6+ Kxe6 38. Rb8 c5 39. Rb6+ Kd7 40. Rf6 Ke8 41. g3 Kd7 42. h3 Ke8 43. g4 fxg4 44. hxg4 hxg4 45. Rf4 g3 46. Rxe4 Kd7 47. Rg4 Ke6 48. Rg5 Kd6 49. Kf3 Kc6 50. Kxg3 Nf5+ 51. Rxf5 gxf5 52. Kf4 Kd7 53. Kxf5 Kd6 54. Kf6 Kd7 55. e4 1-0